000 00265nam a22001217a 4500
082 _a621.381 CHU'E
100 _aCHUTS, G. M
_956910
245 _aELECTRONICS IN INDUSTRY
250 _a3RD
260 _aNEWYORK
_bMCGRAW HILL
_c1965
300 _a598P
942 _cBK
999 _c567231
_d567231